The condition of man

Chapter I. Prelude to an era, Chapter II. the primacy of the person,...Index

Wedi'i Gadw mewn:
Manylion Llyfryddiaeth
Prif Awdur: Mumford, Lewis
Fformat: Llyfr
Iaith:Undetermined
Cyhoeddwyd: London Mercury Books 1973
Pynciau:
Tagiau: Ychwanegu Tag
Dim Tagiau, Byddwch y cyntaf i dagio'r cofnod hwn!
Thư viện lưu trữ: Trung tâm Học liệu Trường Đại học Cần Thơ
LEADER 00600nam a2200205Ia 4500
001 CTU_86213
008 210402s9999 xx 000 0 und d
082 |a 901.9 
082 |b M962 
100 |a Mumford, Lewis 
245 4 |a The condition of man 
245 0 |c Lewis Mumford 
260 |a London 
260 |b Mercury Books 
260 |c 1973 
520 |a Chapter I. Prelude to an era, Chapter II. the primacy of the person,...Index 
650 |a Civilization,Nền văn minh 
650 |x History,Lịch sử 
904 |i Năm 
980 |a Trung tâm Học liệu Trường Đại học Cần Thơ